| 000 | 00329nam a22001337a 4500 | ||
|---|---|---|---|
| 008 | 180905b xxu||||| |||| 00| 0 eng d | ||
| 020 | _a9780781780230 | ||
| 041 | _aeng | ||
| 080 |
_26 ED _a610.73 |
||
| 100 | _a2 | ||
| 101 | _aINF | ||
| 245 |
_aFundamentals Nursing Human Health And Function _cCraven.r.f |
||
| 942 |
_2udc _cBK |
||
| 999 |
_c47542 _d47542 |
||